I Spy...You Click Quiz Stats

 Plays Quiz Updated Nov 16, 2017

Support Sporcle.
Go Orange.
Score 0/40 Timer 05:00
7 Plays Today
% Correct
XIV
98.1%
Starfish
96%
Scarf
95.1%
Worm
93.9%
KFC
93.2%
27
92.7%
Indian
92.2%
Sugar
91.8%
Italy
91.7%
Iowa
91.3%
Miami
91.1%
Guilt
90.4%
Poodle
89.9%
Cello
89.7%
Stop sign
89.5%
Foot
88.9%
17
88.3%
Stethoscope
88%
Binoculars
87.5%
Hoe
87.1%
% Correct
Shift
87.1%
Syfy
86.4%
Dolley
83.8%
See
83.4%
Sears
83.3%
Simon
83.1%
Stratego
82%
Igneous
81%
Map
79.2%
Gladiator
78.9%
Basketball
76.6%
Cardinal
75.5%
Barney
74.5%
Halo
74.1%
Cooper
74.1%
1984
72.4%
Pompadour
72.2%
Sting
69.1%
Gimlet
67.7%
Dragnet
65.7%

You're not logged in!

Compare scores with friends on all Sporcle quizzes.
OR
Log In

From the Vault

NFL #1 Draft Picks

by Derek

It's a lot of pressure being the #1 pick in the NFL draft. You have to show everyone else how to hug Roger Goodell.
Remove Ads.
Support Sporcle.
Get the best of Sporcle when you Go Orange. This ad-free experience offers more features, more stats, and more fun while also helping to support Sporcle. Thank you for becoming a member.

Show Comments

Extras

Top Quizzes Today


Score Distribution

Your Account Isn't Verified!

In order to create a playlist on Sporcle, you need to verify the email address you used during registration. Go to your Sporcle Settings to finish the process.

Report this User

Report this user for behavior that violates our Community Guidelines.

Details: